[Event "SVK Extraliga 2018/2019"]
[Site "Podhajska"]
[Date "2018.12.09"]
[Round "4.2"]
[White "Gazik, Viktor"]
[Black "Markos, Jan"]
[Result "0-1"]
[WhiteElo "2513"]
[BlackElo "2551"]
[PlyCount "62"]
[EventDate "2018.??.??"]

1. e4 c5 2. Nc3 Nc6 3. Bb5 Nd4 4. Nf3 Nxb5 5. Nxb5 d6 6. c4 Nf6 7. Nc3 g6 8.
O-O Bg7 9. d4 cxd4 10. Nxd4 O-O 11. h3 b6 12. Be3 Bb7 13. Qd3 Rc8 14. Rac1 Nd7
15. b3 Nc5 16. Qb1 Qd7 17. f3 f5 18. exf5 gxf5 19. b4 f4 20. Bf2 Ne6 21. Nxe6
Qxe6 22. Rfe1 Be5 23. Ne4 Kh8 24. Kh2 Rf5 25. c5 Rg8 26. cxd6 Rh5 27. Rh1 exd6
28. Rc7 Bc8 29. Kg1 Qg6 30. Qf1 Ba6 31. b5 Bxb5 0-1

[Event "SVK Extraliga 2018/2019"]
[Site "Podhajska"]
[Date "2018.12.09"]
[Round "4.4"]
[White "Polak, Tomas"]
[Black "Mrva, Martin"]
[Result "1-0"]
[WhiteElo "2508"]
[BlackElo "2420"]
[PlyCount "133"]
[EventDate "2018.??.??"]

1. d4 d6 2. Nf3 a6 3. e4 Nf6 4. Bd3 Nc6 5. d5 Ne5 6. Nxe5 dxe5 7. f4 exf4 8.
Bxf4 e6 9. c4 Bc5 10. Nc3 O-O 11. e5 exd5 12. exf6 Re8+ 13. Kf1 Qxf6 14. Qf3
dxc4 15. Bxc4 g5 16. Ne4 Rxe4 17. Qxe4 gxf4 18. Rd1 Bg4 19. Rd5 Bb6 20. Qe5
Qxe5 21. Rxe5 Kf8 22. h3 Bd7 23. Ke2 f6 24. Re4 Bc6 25. Rxf4 Re8+ 26. Kd1 Bxg2
27. Rh2 Be4 28. Rxf6+ Kg7 29. Rf7+ Kg6 30. Rd7 Kg5 31. Bd3 Bf3+ 32. Kc2 h5 33.
Rf7 Re3 34. Rf2 Bd1+ 35. Kxd1 Rxd3+ 36. Kc2 Bxf2 37. Kxd3 Bg3 38. Ke4 Kh4 39.
Rh7 Kg5 40. Rf7 Bd6 41. Rf5+ Kg6 42. Rd5 Be7 43. a3 Bd6 44. b4 b6 45. Rd4 Bf8
46. Rd8 Bd6 47. Ra8 Kg5 48. Kf3 Kh4 49. Kg2 Kg5 50. Rxa6 Kf4 51. Ra8 Ke4 52.
Rh8 c5 53. Rxh5 c4 54. Rh6 Be5 55. Rxb6 c3 56. Rc6 Kd3 57. Kf3 c2 58. Rxc2 Kxc2
59. h4 Kb3 60. Ke4 Bf6 61. h5 Kc4 62. h6 Bb2 63. h7 Bc3 64. Kf5 Kd5 65. b5 Kd6
66. a4 Ke7 67. a5 1-0

[Event "SVK Extraliga 2018/2019"]
[Site "Podhajska"]
[Date "2018.12.09"]
[Round "4.5"]
[White "Krak, Tomas"]
[Black "Likavsky, Tomas"]
[Result "1/2-1/2"]
[WhiteElo "2298"]
[BlackElo "2423"]
[PlyCount "122"]
[EventDate "2018.??.??"]

1. e4 c5 2. Nf3 d6 3. Bb5+ Nd7 4. c3 Ngf6 5. Qe2 a6 6. Ba4 b5 7. Bc2 Bb7 8. O-O
e5 9. d4 Be7 10. Rd1 Qc7 11. d5 c4 12. b3 cxb3 13. axb3 O-O 14. Bd2 Nb6 15. Na3
Nfd7 16. c4 bxc4 17. Nxc4 Nxc4 18. bxc4 Rfb8 19. Ba5 Qc8 20. Nd2 Bd8 21. Bb4
Nc5 22. Ra3 a5 23. Bc3 Bb6 24. Rda1 Qc7 25. Nf1 Bc8 26. Bd2 Bd7 27. Ne3 a4 28.
Nf5 Bxf5 29. exf5 Ba5 30. f6 g6 31. Rh3 Bxd2 32. Qxd2 Nd7 33. Bxg6 fxg6 34. f7+
Kh8 35. Qg5 Qd8 36. Qxg6 Nf6 37. Rh6 a3 38. g4 Qf8 39. Qxf6+ Qg7 40. f8=Q+ Rxf8
41. Qxg7+ Kxg7 42. Rxd6 Rf4 43. c5 Rxg4+ 44. Kf1 a2 45. Rb6 Rd4 46. d6 Kf6 47.
Rb2 Rc4 48. Raxa2 Rxa2 49. Rxa2 Rxc5 50. Rd2 Rc8 51. Ke2 Rd8 52. Kf3 Ke6 53.
Ke4 Rxd6 54. Rxd6+ Kxd6 55. Kf5 Kd5 56. h4 e4 57. h5 Kd4 58. h6 Kd5 59. Kf6 Kd6
60. Kf7 Kd7 61. Kf6 Kd6 1/2-1/2

[Event "SVK Extraliga 2018/2019"]
[Site "Bratislava"]
[Date "2018.12.09"]
[Round "4.1"]
[White "Balogh, Csaba"]
[Black "Papp, Gabor"]
[Result "1/2-1/2"]
[WhiteElo "2628"]
[BlackElo "2603"]
[PlyCount "45"]
[EventDate "2018.??.??"]

1. e4 e5 2. Nf3 Nf6 3. Nxe5 d6 4. Nf3 Nxe4 5. Nc3 Nxc3 6. dxc3 Be7 7. Be3 Nd7
8. Qd2 O-O 9. O-O-O Nf6 10. Bd3 c5 11. Rhe1 Be6 12. Kb1 Qa5 13. c4 Qxd2 14.
Bxd2 Rfe8 15. Ng5 Bd7 16. Ne4 Bc6 17. Bf4 d5 18. Nxf6+ Bxf6 19. cxd5 Rxe1 20.
Rxe1 Bxd5 21. Be4 Bxe4 22. Rxe4 Rd8 23. c3 1/2-1/2

[Event "SVK Extraliga 2018/2019"]
[Site "Bratislava"]
[Date "2018.12.09"]
[Round "4.2"]
[White "Banusz, Tamas"]
[Black "Michalik, Peter"]
[Result "1-0"]
[WhiteElo "2612"]
[BlackElo "2564"]
[PlyCount "79"]
[EventDate "2018.??.??"]

1. d4 d5 2. Nf3 Nf6 3. g3 g6 4. Bg2 Bg7 5. c4 dxc4 6. O-O O-O 7. Na3 Na6 8.
Nxc4 c5 9. b3 Be6 10. Bb2 Bxc4 11. bxc4 cxd4 12. Nxd4 Nc5 13. Qc2 Rc8 14. Rab1
Nfd7 15. Rfd1 Qc7 16. Nb5 Qb8 17. Bc1 Ne5 18. Be3 b6 19. Bf4 Rcd8 20. Bg5 Rxd1+
21. Rxd1 Re8 22. Bf4 Ne6 23. Qa4 a5 24. Na7 Nxf4 25. gxf4 Ng4 26. e3 Nf6 27.
Nc6 Qc7 28. Qb5 Nd7 29. Nxa5 Nf6 30. Nc6 Rc8 31. Rb1 Bf8 32. Qxb6 Qd6 33. a4
Nd7 34. Qb5 Nc5 35. a5 Qd3 36. Rf1 Nb3 37. a6 Nd2 38. Rc1 Nb3 39. Ne5 Qd2 40.
Rf1 1-0

[Event "SVK Extraliga 2018/2019"]
[Site "Bratislava"]
[Date "2018.12.09"]
[Round "4.3"]
[White "Plat, Vojtech"]
[Black "Antal, Gergely"]
[Result "1/2-1/2"]
[WhiteElo "2550"]
[BlackElo "2553"]
[PlyCount "33"]
[EventDate "2018.??.??"]

1. e4 c6 2. d4 d5 3. exd5 cxd5 4. Bd3 Nc6 5. c3 Qc7 6. h3 Nf6 7. Nf3 g6 8. O-O
Bf5 9. Be2 Bg7 10. Re1 O-O 11. Bf1 Rfe8 12. Na3 a6 13. Nc2 Rad8 14. Ne3 Bc8 15.
Bd2 e5 16. dxe5 Nxe5 17. Nxe5 1/2-1/2

[Event "SVK Extraliga 2018/2019"]
[Site "Bratislava"]
[Date "2018.12.09"]
[Round "4.4"]
[White "Ftacnik, Lubomir"]
[Black "Rigo, Zsolt"]
[Result "1-0"]
[WhiteElo "2512"]
[BlackElo "2395"]
[PlyCount "54"]
[EventDate "2018.??.??"]

1. Nf3 c5 2. c4 Nc6 3. Nc3 g6 4. e3 Nf6 5. d4 cxd4 6. exd4 d5 7. cxd5 Nxd5 8.
Qb3 Nxc3 9. Bc4 Nd5 10. Bxd5 e6 11. Bxc6+ bxc6 12. O-O Be7 13. Bf4 Qd5 14. Rfc1
O-O 15. Ne5 Bf6 16. Qe3 Bb7 17. Rc5 Qd8 18. Bh6 Re8 19. Qf4 Bxe5 20. dxe5 f5
21. exf6 Kf7 22. Bg7 Qb6 23. b4 e5 24. Qh6 Kg8 25. f7+ Kxf7 26. Qxh7 Re6 27.
Bh6+ Ke8 1-0

[Event "SVK Extraliga 2018/2019"]
[Site "Bratislava"]
[Date "2018.12.09"]
[Round "4.5"]
[White "Stohl, Igor"]
[Black "Pacher, Milan"]
[Result "1/2-1/2"]
[WhiteElo "2488"]
[BlackElo "2446"]
[PlyCount "49"]
[EventDate "2018.??.??"]

1. Nf3 d5 2. d4 Nf6 3. c4 dxc4 4. e3 b5 5. a4 b4 6. Bxc4 e6 7. O-O Bb7 8. b3
Be7 9. Bb2 O-O 10. Nbd2 Nbd7 11. Qe2 c5 12. Ba6 Bxa6 13. Qxa6 Qc8 14. Qxc8
Rfxc8 15. Rfc1 Nd5 16. Kf1 f6 17. Ne4 Kf7 18. dxc5 Nxc5 19. Nxc5 Bxc5 20. Ke2
e5 21. Rc4 Nb6 22. Rc2 Be7 23. Rac1 Rxc2+ 24. Rxc2 Rc8 25. Rxc8 1/2-1/2

[Event "SVK Extraliga 2018/2019"]
[Site "?"]
[Date "2018.12.09"]
[Round "4.1"]
[White "Vykouk, Jan"]
[Black "Vajda, Levente"]
[Result "1/2-1/2"]
[WhiteElo "2435"]
[BlackElo "2551"]
[PlyCount "135"]
[EventDate "2018.??.??"]

1. e4 e5 2. Nf3 Nc6 3. Bb5 a6 4. Ba4 Nf6 5. O-O Be7 6. d3 d6 7. c3 O-O 8. Re1
b5 9. Bc2 Re8 10. Nbd2 Bf8 11. Nf1 g6 12. Ng3 Bg7 13. h3 d5 14. Bg5 d4 15. Qd2
Qd6 16. cxd4 Nxd4 17. Nxd4 Qxd4 18. Bb3 Be6 19. Bxe6 Rxe6 20. Rac1 Qd7 21. Qa5
Ne8 22. Red1 Rd6 23. Rc3 Rd4 24. b4 Bf8 25. a3 h6 26. Be3 Be7 27. Rdc1 Rxd3 28.
Rxd3 Qxd3 29. Rc6 Bh4 30. Nf1 Qe2 31. g3 Be7 32. Bxh6 Rd8 33. Rc1 Rd6 34. Be3
Bd8 35. Bc5 Rf6 36. a4 Be7 37. Be3 Bf8 38. axb5 Qxb5 39. Qa1 Bxb4 40. Nh2 Re6
41. Ng4 Qa5 42. Qb2 Qa3 43. Qe2 Bf8 44. Rb1 Bg7 45. Rb8 Kh7 46. Qc4 Qd6 47. Bg5
Qd4 48. Qc2 a5 49. Ra8 Qa1+ 50. Kg2 Qe1 51. Be3 Qb4 52. Bd2 Qb7 53. Rxa5 Nd6
54. Ra4 Nb5 55. Rb4 c6 56. Qc1 Bf8 57. Rb1 Qd7 58. Bb4 Bg7 59. Qg5 Qd3 60. Re1
Nd4 61. Qh4+ Kg8 62. Qd8+ Kh7 63. Re3 Qb1 64. Qh4+ Kg8 65. Qd8+ Kh7 66. Qh4+
Kg8 67. Qd8+ Kh7 68. Qh4+ 1/2-1/2

[Event "SVK Extraliga 2018/2019"]
[Site "?"]
[Date "2018.12.09"]
[Round "4.2"]
[White "Petenyi, Tamas"]
[Black "Jablonicky, Martin"]
[Result "1/2-1/2"]
[WhiteElo "2428"]
[BlackElo "2318"]
[PlyCount "108"]
[EventDate "2018.??.??"]

1. Nf3 Nf6 2. g3 g6 3. Bg2 Bg7 4. O-O O-O 5. c4 d6 6. Nc3 e5 7. d3 Nc6 8. Rb1
Nd4 9. Nxd4 exd4 10. Nb5 Nd7 11. b4 a6 12. Na3 a5 13. bxa5 Rxa5 14. Bxb7 Bxb7
15. Rxb7 Nc5 16. Rb5 Ra6 17. Nc2 Rxa2 18. Bb2 Na4 19. Qb1 Rxb2 20. Rxb2 Nxb2
21. Qxb2 c5 22. Rb1 Re8 23. Ne1 d5 24. Rc1 Qa8 25. cxd5 Qxd5 26. Nf3 Bf8 27.
Rc2 Ra8 28. Nd2 Ra4 29. Ne4 Kg7 30. Nd2 Qa8 31. f3 h5 32. Kg2 Qa5 33. Nc4 Qa6
34. Qb6 Qxb6 35. Nxb6 Ra6 36. Nc4 g5 37. h3 Be7 38. g4 hxg4 39. hxg4 Re6 40.
Kf1 Kg6 41. Rb2 f5 42. Kg2 Bd8 43. Rb8 Bc7 44. Rg8+ Kh6 45. gxf5 Rxe2+ 46. Kf1
Re7 47. Rg6+ Kh5 48. Rc6 Bg3 49. f6 Re1+ 50. Kg2 Kh4 51. f7 Re2+ 52. Kg1 Re1+
53. Kg2 Re2+ 54. Kg1 Re1+ 1/2-1/2

[Event "SVK Extraliga 2018/2019"]
[Site "?"]
[Date "2018.12.09"]
[Round "4.3"]
[White "Berezjuk, Sergej"]
[Black "Nemeth, Miklos"]
[Result "1/2-1/2"]
[WhiteElo "2421"]
[BlackElo "2483"]
[PlyCount "53"]
[EventDate "2018.??.??"]

1. e4 e5 2. Nf3 Nc6 3. d4 exd4 4. Nxd4 Nf6 5. Nc3 Bb4 6. Nxc6 bxc6 7. Bd3 d5 8.
exd5 cxd5 9. O-O O-O 10. h3 c6 11. Qf3 Rb8 12. Bf4 Bd6 13. b3 Rb4 14. Bxd6 Qxd6
15. Rfe1 Bd7 16. Ne2 a5 17. c3 Rbb8 18. Qf4 Qxf4 19. Nxf4 Rfe8 20. f3 a4 21.
Bc2 axb3 22. Bxb3 Kf8 23. h4 Re7 24. Kf2 Ne8 25. g4 Nd6 26. Rxe7 Kxe7 27. Re1+
1/2-1/2

[Event "SVK Extraliga 2018/2019"]
[Site "?"]
[Date "2018.12.09"]
[Round "4.4"]
[White "Bokros, Albert"]
[Black "Karas, Marek"]
[Result "1-0"]
[WhiteElo "2454"]
[BlackElo "2243"]
[PlyCount "73"]
[EventDate "2018.??.??"]

1. e4 e6 2. d4 d5 3. Bd3 c5 4. exd5 exd5 5. Nf3 c4 6. Be2 Nf6 7. O-O Be7 8. b3
cxb3 9. axb3 O-O 10. c4 Nc6 11. Nc3 h6 12. h3 Bf5 13. Bb2 Nb4 14. Rc1 Ne4 15.
Ne5 Nxc3 16. Rxc3 dxc4 17. bxc4 Nc6 18. Rf3 Be4 19. Re3 Nxe5 20. Rxe4 Nd7 21.
Bf3 Nf6 22. Re3 Qc7 23. Qb3 Rab8 24. Rfe1 Rfe8 25. Qa4 b5 26. cxb5 Bf8 27. Bc6
Rxe3 28. Rxe3 Rd8 29. Qc4 Qf4 30. g3 Qf5 31. Kg2 Nd5 32. Bxd5 Rxd5 33. Re8 Rd6
34. Ba3 Qd7 35. Rxf8+ Kxf8 36. Qd5 Ke7 37. Qe5+ 1-0

[Event "SVK Extraliga 2018/2019"]
[Site "?"]
[Date "2018.12.09"]
[Round "4.5"]
[White "Rohacek, Miroslav"]
[Black "Varga, Zoltan"]
[Result "1/2-1/2"]
[WhiteElo "2229"]
[BlackElo "2440"]
[PlyCount "99"]
[EventDate "2018.??.??"]

1. e4 Nf6 2. e5 Nd5 3. Nc3 Nxc3 4. dxc3 d5 5. Bf4 Bf5 6. h4 Qd7 7. Nf3 c5 8.
Qd2 e6 9. h5 h6 10. Bd3 Bg4 11. Be2 Be7 12. Nh4 Bxe2 13. Qxe2 Qa4 14. g3 Nc6
15. b3 Qa5 16. Bd2 O-O-O 17. f4 d4 18. c4 Qa3 19. Bc1 Qa6 20. Nf3 Nb4 21. O-O
d3 22. cxd3 Nxd3 23. Rd1 Nb4 24. Be3 Rxd1+ 25. Rxd1 Qxa2 26. Qxa2 Nxa2 27. Ra1
Nb4 28. Rxa7 Kc7 29. Ra5 Rd8 30. Bxc5 Nc6 31. Bd6+ Bxd6 32. exd6+ Rxd6 33. Ra8
Rd3 34. Kf2 Nd8 35. b4 Rc3 36. b5 f6 37. Nd2 e5 38. f5 e4 39. Nxe4 Rxc4 40. Ke3
Rb4 41. Nc3 Kd7 42. Kd3 Nf7 43. Rg8 Rg4 44. Ne4 Kc7 45. Ke3 Ne5 46. Rf8 Kb6 47.
Rb8 Nc4+ 48. Kf3 Ne5+ 49. Ke3 Nc4+ 50. Kf3 1/2-1/2

[Event "SVK Extraliga 2018/2019"]
[Site "?"]
[Date "2018.12.09"]
[Round "4.6"]
[White "Bagi, Mate"]
[Black "Bury, Rastislav"]
[Result "1-0"]
[WhiteElo "2453"]
[BlackElo "2137"]
[PlyCount "61"]
[EventDate "2018.??.??"]

1. e4 c5 2. Nf3 d6 3. d4 cxd4 4. Qxd4 a6 5. h3 Nc6 6. Qe3 Nf6 7. c4 g6 8. Be2
Bg7 9. O-O O-O 10. Nc3 b6 11. Rd1 Qc7 12. Rb1 a5 13. b3 Rd8 14. Bb2 Bd7 15. Nd5
Nxd5 16. exd5 Nb4 17. Bxg7 Kxg7 18. a3 Na6 19. b4 axb4 20. axb4 Qb7 21. c5 Ba4
22. c6 Qc7 23. Rdc1 b5 24. Nd4 Rab8 25. Bf3 Re8 26. h4 Qc8 27. Qc3 Kg8 28. Re1
Nc7 29. Rb2 e5 30. dxe6 fxe6 31. Bg4 1-0

[Event "SVK Extraliga 2018/2019"]
[Site "?"]
[Date "2018.12.09"]
[Round "4.1"]
[White "Pechac, Jergus"]
[Black "Cernousek, Lukas"]
[Result "1-0"]
[WhiteElo "2470"]
[BlackElo "2426"]
[PlyCount "69"]
[EventDate "2018.??.??"]

1. d4 d5 2. Nf3 Nf6 3. c4 dxc4 4. Qa4+ Nbd7 5. Qxc4 e6 6. g3 a6 7. Bg2 b5 8.
Qc6 Ra7 9. Qc2 Bb7 10. a4 bxa4 11. Nc3 c5 12. Qxa4 Qa8 13. Be3 Ng4 14. d5 Nxe3
15. fxe3 Bxd5 16. Nxd5 exd5 17. Ne5 Bd6 18. Nxd7 Rxd7 19. Bh3 Qb7 20. O-O f6
21. Rfd1 Be5 22. Bxd7+ Qxd7 23. Qxd7+ Kxd7 24. Rxa6 Bxb2 25. Rxd5+ Ke7 26. Ra7+
Ke6 27. Rxc5 g5 28. Kf2 h5 29. Kf3 h4 30. g4 Be5 31. h3 Rb8 32. Rc6+ Kd5 33.
Raa6 Rb1 34. e4+ Kd4 35. Ra4+ 1-0

[Event "SVK Extraliga 2018/2019"]
[Site "?"]
[Date "2018.12.09"]
[Round "4.2"]
[White "Ponizil, Cyril"]
[Black "Repka, Christopher"]
[Result "1-0"]
[WhiteElo "2491"]
[BlackElo "2499"]
[PlyCount "80"]
[EventDate "2018.??.??"]

1. e4 e5 2. Nf3 Nc6 3. Bb5 a6 4. Ba4 Nf6 5. O-O Be7 6. Re1 b5 7. Bb3 O-O 8. h3
Bb7 9. d3 d6 10. a3 Nb8 11. Nbd2 Nbd7 12. Nf1 c5 13. Ng3 Rc8 14. Ba2 Re8 15. c4
b4 16. Bb3 Rf8 17. Bd2 a5 18. Ba4 Ne8 19. Nh2 Nb6 20. Nf5 Nxa4 21. Qxa4 Ra8 22.
Qb5 Bc8 23. axb4 Nc7 24. Qa4 cxb4 25. Ng4 g6 26. Nxe7+ Qxe7 27. Bh6 Rd8 28. Be3
Bxg4 29. hxg4 Ne6 30. Qb5 Nc7 31. Qc6 Rdb8 32. c5 Nb5 33. Rec1 a4 34. Rc4 a3
35. Rxb4 Na7 36. Qd5 Rxb4 37. Qxa8+ Kg7 38. bxa3 Ra4 39. c6 Qc7 40. Rc1 Rxa3
1-0

[Event "SVK Extraliga 2018/2019"]
[Site "?"]
[Date "2018.12.09"]
[Round "4.3"]
[White "Kociscak, Jiri"]
[Black "Roubalik, Jakub"]
[Result "1-0"]
[WhiteElo "2484"]
[BlackElo "2410"]
[PlyCount "99"]
[EventDate "2018.??.??"]

1. d4 Nf6 2. c4 e6 3. g3 d5 4. Nf3 Bb4+ 5. Bd2 Be7 6. Bg2 O-O 7. O-O c6 8. Qc2
Ne4 9. Bf4 g5 10. Bc1 Nd7 11. Ne1 Nd6 12. b3 f5 13. Nd3 Nf7 14. Bb2 Nf6 15. Nd2
Bd7 16. a4 a5 17. Ba3 Bxa3 18. Rxa3 Qe7 19. Raa1 Nd6 20. Nf3 Nfe4 21. Nfe5 Be8
22. f3 Nf6 23. Rae1 Bh5 24. Qd2 Qg7 25. Nc5 Rfe8 26. Kh1 h6 27. Ncd3 Bg6 28.
Nf2 Bh7 29. Nfd3 Kh8 30. Nc5 Re7 31. Ncd3 Ree8 32. Qb2 Nf7 33. Nxf7+ Qxf7 34.
Qd2 Qg7 35. Nc5 e5 36. cxd5 cxd5 37. dxe5 Rxe5 38. f4 Re7 39. Nd3 Ne4 40. Bxe4
fxe4 41. Ne5 gxf4 42. gxf4 e3 43. Qxd5 Rf8 44. Rf3 Qf6 45. Rg1 Bf5 46. Rxe3 Kh7
47. Ng4 Qg7 48. Nxh6 Kxh6 49. Rxg7 Rxe3 50. Qd6+ 1-0

[Event "SVK Extraliga 2018/2019"]
[Site "?"]
[Date "2018.12.09"]
[Round "4.4"]
[White "Motuz, Karol"]
[Black "Petrik, Tomas"]
[Result "0-1"]
[WhiteElo "2355"]
[BlackElo "2466"]
[PlyCount "82"]
[EventDate "2018.??.??"]

1. c4 Nf6 2. Nc3 c5 3. Nf3 g6 4. g3 Bg7 5. Bg2 O-O 6. O-O Nc6 7. d4 cxd4 8.
Nxd4 Ng4 9. e3 d6 10. b3 Nxd4 11. exd4 Nh6 12. Bxh6 Bxh6 13. Re1 Bg7 14. Qd2
Rb8 15. b4 Be6 16. Nd5 b5 17. Rac1 bxc4 18. Rxc4 Bxd5 19. Bxd5 e6 20. Bg2 d5
21. Rc6 Qf6 22. Rd1 Rfc8 23. Bxd5 Rd8 24. Bc4 Qe7 25. d5 exd5 26. Bxd5 Kh8 27.
Rc5 Rb6 28. Qe1 Qxe1+ 29. Rxe1 Bd4 30. Ra5 Rf6 31. Re2 Bb6 32. Rb5 a6 33. Rxb6
Rxb6 34. Bxf7 Rxb4 35. Kg2 Rbd4 36. Re7 Rd2 37. Ra7 R8d6 38. Bc4 Rf6 39. Rxa6
Rfxf2+ 40. Kg1 Rg2+ 41. Kf1 Rxh2 0-1

[Event "SVK Extraliga 2018/2019"]
[Site "?"]
[Date "2018.12.09"]
[Round "4.5"]
[White "Jurcik, Marian"]
[Black "Vojtek, Vladimir"]
[Result "1/2-1/2"]
[WhiteElo "2462"]
[BlackElo "2313"]
[PlyCount "44"]
[EventDate "2018.??.??"]

1. e4 e6 2. d4 d5 3. Nd2 c5 4. Ngf3 Nf6 5. e5 Nfd7 6. c3 Nc6 7. Bd3 f6 8. Qe2
Be7 9. exf6 Nxf6 10. dxc5 Bxc5 11. Nb3 Bd6 12. Nbd4 Qe7 13. Nxc6 bxc6 14. Ne5
Bb7 15. O-O O-O 16. Bg5 Qc7 17. Rae1 Rae8 18. f4 c5 19. Bb5 Re7 20. Bd3 Ree8
21. Bb5 Re7 22. Bd3 Ree8 1/2-1/2

[Event "SVK Extraliga 2018/2019"]
[Site "?"]
[Date "2018.12.09"]
[Round "4.6"]
[White "Veres, Andrej"]
[Black "Nayhebaver, Martin"]
[Result "1/2-1/2"]
[WhiteElo "2235"]
[BlackElo "2460"]
[PlyCount "107"]
[EventDate "2018.??.??"]

1. d4 Nf6 2. Nf3 e6 3. c4 b6 4. g3 Ba6 5. Qa4 Bb7 6. Bg2 c5 7. dxc5 bxc5 8. Nc3
Be7 9. O-O O-O 10. Rd1 Qb6 11. Qc2 Rd8 12. b3 Nc6 13. Bb2 Nb4 14. Qb1 h6 15. e4
d6 16. Ne1 Bc6 17. Nc2 Qb7 18. Ne3 a5 19. Re1 Bf8 20. Re2 Rab8 21. h3 Qa8 22.
Kh2 Rd7 23. Ncd5 Ne8 24. Nxb4 Rxb4 25. Qe1 Rb8 26. Nc2 a4 27. b4 cxb4 28. Nxb4
Bb7 29. a3 Rc7 30. Rc1 Rbc8 31. Rec2 Be7 32. Bh1 Bf6 33. Nd3 Bxb2 34. Nxb2 Nf6
35. e5 dxe5 36. Bxb7 Rxb7 37. Qxe5 Rb3 38. c5 Qc6 39. Qf4 Ne4 40. Nc4 Ng5 41.
Ne5 Nf3+ 42. Qxf3 Rxf3 43. Nxc6 Rxc6 44. Ra2 Rf5 45. Rc4 Rfxc5 46. Rxa4 Rc2 47.
Rxc2 Rxc2 48. Kg2 g5 49. Ra7 Kg7 50. a4 Kg6 51. a5 Ra2 52. a6 h5 53. Ra8 Kg7
54. a7 1/2-1/2

[Event "SVK Extraliga 2018/2019"]
[Site "?"]
[Date "2018.12.09"]
[Round "4.1"]
[White "Mazur, Stefan"]
[Black "Piorun, Kacper"]
[Result "0-1"]
[WhiteElo "2411"]
[BlackElo "2634"]
[PlyCount "68"]
[EventDate "2018.??.??"]

1. e4 g6 2. d4 Bg7 3. Nc3 c6 4. f4 d5 5. e5 Qb6 6. Rb1 Nh6 7. Nf3 Bg4 8. Be3
Nf5 9. Bf2 h5 10. h3 Bxf3 11. Qxf3 h4 12. Bd3 e6 13. Bxf5 gxf5 14. O-O Nd7 15.
b3 Bf8 16. Qd3 Qa5 17. Ne2 b5 18. Kh1 Be7 19. Ng1 c5 20. c4 bxc4 21. bxc4 Qxa2
22. dxc5 Bxc5 23. cxd5 Qxd5 24. Qxd5 exd5 25. Nf3 Bxf2 26. Rxf2 Nc5 27. Rc2 Ne6
28. Rb7 a5 29. Ng5 Nxg5 30. fxg5 a4 31. g6 O-O 32. e6 fxe6 33. Rcc7 Rf6 34.
Rg7+ Kf8 0-1

[Event "SVK Extraliga 2018/2019"]
[Site "?"]
[Date "2018.12.09"]
[Round "4.2"]
[White "Socko, Bartosz"]
[Black "Hrabusa, Matej"]
[Result "1-0"]
[WhiteElo "2611"]
[BlackElo "2404"]
[PlyCount "91"]
[EventDate "2018.??.??"]

1. d4 d5 2. c4 e5 3. dxe5 d4 4. Nf3 Nc6 5. a3 Nge7 6. Nbd2 a5 7. Nb3 Nf5 8. Bg5
Be7 9. Bxe7 Qxe7 10. Nbxd4 Nfxd4 11. Nxd4 Qxe5 12. e3 O-O 13. Nxc6 bxc6 14. Qd4
Qxd4 15. exd4 Re8+ 16. Kd2 Rb8 17. Kc3 a4 18. b4 axb3 19. Bd3 c5 20. dxc5 Bd7
21. Rhe1 Kf8 22. Rxe8+ Kxe8 23. Rb1 Ba4 24. Bc2 Kd7 25. Bxb3 Bxb3 26. Rxb3 Re8
27. Kd2 Re5 28. Rf3 f6 29. Rg3 g6 30. Rh3 h5 31. Rd3+ Kc6 32. Re3 Rg5 33. Rg3
Rf5 34. Rf3 Rg5 35. Rxf6+ Kxc5 36. g3 Kxc4 37. Rc6+ Kb3 38. Rxc7 Kxa3 39. h4
Rd5+ 40. Kc3 Ka2 41. Rc6 g5 42. hxg5 Rxg5 43. Kd4 h4 44. gxh4 Rg4+ 45. Ke5 Rxh4
46. f4 1-0

[Event "SVK Extraliga 2018/2019"]
[Site "?"]
[Date "2018.12.09"]
[Round "4.3"]
[White "Rojicek, Vojtech"]
[Black "Miton, Kamil"]
[Result "1/2-1/2"]
[WhiteElo "2389"]
[BlackElo "2588"]
[PlyCount "118"]
[EventDate "2018.??.??"]

1. Nf3 d5 2. d4 Nf6 3. c4 e6 4. g3 Bb4+ 5. Nbd2 dxc4 6. Bg2 b5 7. a4 c6 8. Qc2
Bb7 9. O-O O-O 10. Rd1 Nbd7 11. b3 c3 12. Nb1 c5 13. Nxc3 cxd4 14. Nxb5 Rc8 15.
Qa2 Nd5 16. Ba3 e5 17. Bxb4 Nxb4 18. Qd2 Bxf3 19. Bxf3 a5 20. Rac1 Nc5 21. Qb2
Qe7 22. Qb1 e4 23. Rxc5 Rxc5 24. Qxe4 Qxe4 25. Bxe4 f5 26. Bf3 Rd8 27. Nxd4 Nc2
28. e3 Nxd4 29. exd4 Rc2 30. Kf1 Kf8 31. Be2 Rc6 32. Bc4 Rcd6 33. Re1 Re8 34.
Re5 Rxe5 35. dxe5 Rd2 36. h4 Ke7 37. Kg2 g6 38. Bg8 Kf8 39. Bc4 Ke7 40. Bg8 Kf8
41. Bc4 h6 42. Kf3 Rd4 43. Kg2 g5 44. hxg5 hxg5 45. Be6 f4 46. gxf4 Rxf4 47. f3
Ke7 48. Bc4 Rf5 49. e6 Re5 50. Kg3 Kf6 51. Kg4 Re1 52. Kg3 Kf5 53. Kf2 Re5 54.
Kg3 Re3 55. Kf2 Kf4 56. Bd5 Re5 57. Bc4 Re3 58. Bd5 Re5 59. Bc4 Re3 1/2-1/2

[Event "SVK Extraliga 2018/2019"]
[Site "?"]
[Date "2018.12.09"]
[Round "4.4"]
[White "Antoniewski, Rafal"]
[Black "Haring, Filip"]
[Result "1/2-1/2"]
[WhiteElo "2517"]
[BlackElo "2289"]
[PlyCount "37"]
[EventDate "2018.??.??"]

1. c4 Nf6 2. Nc3 e5 3. Nf3 Nc6 4. e3 Bb4 5. Qc2 O-O 6. Nd5 Re8 7. Qf5 d6 8.
Nxf6+ gxf6 9. Qc2 e4 10. Ng1 d5 11. a3 Bf8 12. cxd5 Qxd5 13. Ne2 Bf5 14. Nc3
Qe6 15. Be2 Rad8 16. O-O Bg6 17. b4 f5 18. Nb5 Qd7 19. f4 1/2-1/2

[Event "SVK Extraliga 2018/2019"]
[Site "?"]
[Date "2018.12.09"]
[Round "4.5"]
[White "Haring, Viktor"]
[Black "Tazbir, Marcin"]
[Result "0-1"]
[WhiteElo "2307"]
[BlackElo "2532"]
[PlyCount "68"]
[EventDate "2018.??.??"]

1. e4 c5 2. Nf3 d6 3. d4 Nf6 4. Nc3 cxd4 5. Nxd4 a6 6. Be3 e5 7. Nb3 Be6 8. f3
h5 9. Nd5 Bxd5 10. exd5 Nbd7 11. Qd2 Qc7 12. c4 a5 13. Rc1 Be7 14. Be2 Bd8 15.
a4 b6 16. O-O Nc5 17. Nxc5 bxc5 18. f4 Nd7 19. Qd1 h4 20. Bg4 Bf6 21. Qe1 Kf8
22. Bxd7 Qxd7 23. fxe5 Bxe5 24. Bxc5 Re8 25. Be3 h3 26. g3 Bd4 27. Rf3 Qg4 28.
Qf2 Qxf3 29. Bxd4 Qe4 30. Rf1 f6 31. Bc3 Rh5 32. Re1 Qxc4 33. Rxe8+ Kxe8 34.
Qe1+ Kf8 0-1

[Event "SVK Extraliga 2018/2019"]
[Site "?"]
[Date "2019.02.16"]
[Round "5.1"]
[White "Krejci, Jan"]
[Black "Piorun, Kacper"]
[Result "1/2-1/2"]
[WhiteElo "2558"]
[BlackElo "2631"]
[PlyCount "62"]
[EventDate "2019.??.??"]

1. d4 Nf6 2. c4 e6 3. Nc3 Bb4 4. e3 O-O 5. Bd3 c5 6. Nf3 d5 7. O-O cxd4 8. exd4
dxc4 9. Bxc4 b6 10. Qe2 Bb7 11. Rd1 Nbd7 12. d5 Bxc3 13. dxe6 Bxf3 14. gxf3
fxe6 15. bxc3 Qc7 16. Ba3 Nc5 17. Bxc5 Qxc5 18. Bxe6+ Kh8 19. Qc4 Qg5+ 20. Kh1
Nh5 21. Qg4 Qh6 22. Qh3 Qf6 23. Qxh5 Qxe6 24. Re1 Qc6 25. Re3 Rae8 26. Rxe8
Rxe8 27. Rd1 Rf8 28. Qf5 Kg8 29. Qd5+ Qxd5 30. Rxd5 Rxf3 31. Kg2 Rxc3 1/2-1/2

[Event "SVK Extraliga 2018/2019"]
[Site "?"]
[Date "2019.02.16"]
[Round "5.2"]
[White "Antoniewski, Rafal"]
[Black "Zilka, Stepan"]
[Result "1/2-1/2"]
[WhiteElo "2513"]
[BlackElo "2533"]
[PlyCount "151"]
[EventDate "2019.??.??"]

1. d4 d5 2. Nf3 Nf6 3. c4 c6 4. Nc3 e6 5. e3 Nbd7 6. Qc2 Bd6 7. Bd3 O-O 8. O-O
h6 9. h3 e5 10. cxd5 cxd5 11. e4 exd4 12. Nxd5 Nxd5 13. exd5 Qb6 14. Rd1 Re8
15. Qa4 Nf6 16. Bb5 Rd8 17. Bd2 a6 18. Ba5 axb5 19. Bxb6 bxa4 20. Bxd8 Nxd5 21.
Nxd4 Be5 22. Rac1 Be6 23. Bh4 Nf4 24. Kf1 Bxa2 25. Bg3 g5 26. Bxf4 Bxf4 27. Rc5
Rd8 28. Ke2 b6 29. Rc6 Bd5 30. Rxb6 Bxg2 31. Rb4 Re8+ 32. Kd3 Bxh3 33. Rxa4 h5
34. Rh1 Bd7 35. Ra7 Rd8 36. Rxh5 Bg4 37. Rh1 Be5 38. Ra4 Bf5+ 39. Kc3 Bd7 40.
Rb4 Kg7 41. Re1 f6 42. Rb6 Re8 43. Re3 Kg6 44. Kc4 Kh5 45. b4 Rc8+ 46. Kd5 Rd8
47. Rxe5 fxe5 48. Kxe5 Re8+ 49. Kd5 Bh3 50. Rf6 Bg2+ 51. Kc4 Rc8+ 52. Kd3 Bf1+
53. Ke4 Bg2+ 54. Ke5 Rc4 55. Rb6 Kg4 56. Rb8 Rc7 57. Rg8 Rf7 58. f4 Rxf4 59.
Rxg5+ Kxg5 60. Ne6+ Kg4 61. Nxf4 Bf1 62. Nd5 Kf3 63. Kd4 Kf2 64. Nc3 Ke1 65.
Ne4 Kd1 66. Kc3 Bb5 67. Nd2 Kc1 68. Nc4 Be8 69. Nd6 Bd7 70. Kc4 Kb2 71. Kc5 Kb3
72. Nc4 Be8 73. Nb6 Kc3 74. Nd5+ Kb3 75. Nc7 Bd7 76. Na6 1/2-1/2